Nonsteady Burning and Combustion Stability of Solid Propellants / (Record no. 559922)

000 -LEADER
fixed length control field 00593nam a2200169Ia 4500
008 - FIXED-LENGTH DATA ELEMENTS--GENERAL INFORMATION
fixed length control field 210428s9999 xx 000 0 und d
020 ## - INTERNATIONAL STANDARD BOOK NUMBER
International Standard Book Number 1-56347-014-4
082 ## - DEWEY DECIMAL CLASSIFICATION NUMBER
Classification number 660.04 A498 N
100 ## - MAIN ENTRY--PERSONAL NAME
Personal name Luigi De Luca
9 (RLIN) 52156
245 #0 - TITLE STATEMENT
Title Nonsteady Burning and Combustion Stability of Solid Propellants /
Statement of responsibility, etc. Luigi De Luca
260 ## - PUBLICATION, DISTRIBUTION, ETC.
Name of publisher, distributor, etc. American Institute of Aeronautics and Astronautics
Place of publication, distribution, etc. Washington, DC
Date of publication, distribution, etc. 1992
300 ## - PHYSICAL DESCRIPTION
Extent 883p
440 ## - SERIES STATEMENT/ADDED ENTRY--TITLE
Title Progress in astronautics and aeronautics V-143
9 (RLIN) 127173
700 ## - ADDED ENTRY--PERSONAL NAME
Personal name Edward W. Price
9 (RLIN) 127174
700 ## - ADDED ENTRY--PERSONAL NAME
Personal name Martin Summerfield
9 (RLIN) 127175
942 ## - ADDED ENTRY ELEMENTS (KOHA)
Koha item type Book
Source of classification or shelving scheme
Holdings
Withdrawn status Lost status Damaged status Not for loan Permanent Location Current Location Date acquired Total Checkouts Full call number Barcode Date last seen Price effective from Koha item type
        School of Chemical & Materials Engineering (SCME) School of Chemical & Materials Engineering (SCME) 05/11/7   660.04 A498 N SCME-70 02/03/2026 04/28/2021 Book
© 2023 Central Library, National University of Sciences and Technology. All Rights Reserved.